000 00807cam a22002778a 4500
001 5418573
003 ARRUPE
005 20141104020007.0
008 050324s2005 enk f b 001 0 eng
015 _aGBA536761
_2bnb
016 7 _a013185989
_2Uk
020 _a9781851684786
035 _a(OCoLC)ocm59878543
035 _a(NNC)5418573
040 _aUKM
_cUKM
_dBAKER
_dEMU
050 4 _aBD418.3
_b.F413 2005
100 1 _aFeser, Edward.
_98646
245 1 0 _aPhilosophy of mind :
_ba short introduction /
_cEdward Feser.
260 _aOxford, England :
_bOneworld,
_c2005.
300 _axi, 204 p. ;
_c22 cm.
504 _aIncludes bibliographical references and index.
650 0 _aPhilosophy of mind.
_98647
942 _2lcc
_cMONOGRAPH
_06
948 2 _a20050927
_bn
_cmw18
_dMPS
999 _c120054
_d120054